000 00625pam a2200241 a 4500
001 1950536
005 20180224032727.0
008 870902s1988 cau b 001 0 eng
010 _a 87026959
020 _a0803923562 :
_c$17.95
020 _a0803923570 (pbk.) :
_c$8.95
040 _aDLC
_cDLC
_dDLC
041 _aeng
043 _an-us---
080 _a306.890
082 0 0 _a306.890 PRI
_219
100 1 _a50
101 _aSOC
245 1 0 _aDivorce /
_cSharon J. Price and Patrick C. McKenry.
504 _aBibliography: p. 140-154.
906 _a7
_bcbc
_corignew
_d1
_eocip
_f19
_gy-gencatlg
942 _2ddc
_cBK
999 _c43357
_d43357